000 01344nam a2200349 a 4500
001 ebr10312684
003 CaPaEBR
006 m u
007 cr cn|||||||||
008 091003s2008 bcc s 000 0 eng d
010 _zc 2008900377
020 _z9781553653752
020 _z9781926685052
040 _aCaPaEBR
_cCaPaEBR
035 _a(OCoLC)476328356
050 1 4 _aGF41
_b.P37 2008eb
245 0 2 _aA passion for this Earth
_h[electronic resource] /
_cforeword by Bill McKibben ; edited by Michelle Benjamin.
260 _aVancouver, B.C. :
_bGreystone Books :
_bDavid Suzuki Foundation :
_bDouglas & McIntyre Pub. Group,
_cc2008.
300 _ax, 230 p.
533 _aElectronic reproduction.
_bPalo Alto, Calif. :
_cebrary,
_d2013.
_nAvailable via World Wide Web.
_nAccess may be limited to ebrary affiliated libraries.
650 0 _aHuman ecology.
650 0 _aEnvironmental protection.
650 0 _aNature
_xPsychological aspects.
650 0 _aEnvironmentalism.
650 0 _aEnvironmental policy.
655 7 _aElectronic books.
_2local
700 1 _aMcKibben, Bill.
700 1 _aBenjamin, Michelle.
710 2 _aDavid Suzuki Foundation.
710 2 _aebrary, Inc.
856 4 0 _uhttp://site.ebrary.com/lib/rucke/Doc?id=10312684
_zAn electronic book accessible through the World Wide Web; click to view
999 _c177146
_d177146